000 00427nam a2200169Ia 4500
005 20240823042958.0
008 240823s9999||||xx |||||||||||||| ||und||
041 _aENGLISH
082 _A515.35 Q2
100 _aTitus p et al.
245 0 _aTransforms and Partial Differential Equations
250 _a1st
260 _c2012
_bNimeric Publica
500 _aTRANSFERED
650 _aMathematics
_bMathematics
942 _cBK
999 _c209135
_d209135